| 000 | 00724nam a2200277Ia 4500 | ||
|---|---|---|---|
| 008 | 210210b2010 xxu||||| |||| 00| 0 eng d | ||
| 041 | _aeng | ||
| 082 | _a546.028 MALE | ||
| 100 | _aMALATI (M A) | ||
| 245 |
_aExperimental inorganic physical chemistry _bInvestigative, integrated approach to practical project work |
||
| 260 |
_aOxford _bWoodhead Publishing Ltd. _c2010 |
||
| 300 | _axxi,341 | ||
| 650 | _awork | ||
| 650 | _ato | ||
| 650 | _aproject | ||
| 650 | _apractical | ||
| 650 | _aphysical | ||
| 650 | _aInvestigative, | ||
| 650 | _aintegrated | ||
| 650 | _ainorganic | ||
| 650 | _aExperimental | ||
| 650 | _achemistry | ||
| 650 | _aapproach | ||
| 690 | _aInorganic Chemistry | ||
| 906 | _a068893 | ||
| 999 |
_c152980 _d152980 |
||